Every 1,000+ US City of the Former Confederacy after Reconstruction - Statistics

General Stats
  • This quiz has been taken 216 times
  • The average score is 83 of 332
Answers on the Map
Answers color-coded by a green-red scale on the quiz's map according to % correct below.
 
Answer Stats
Population State Cities % Correct
216,090 LA New Orleans
93%
16,513 TX Houston
92%
10,358 TX Dallas
90%
63,600 VA Richmond
90%
1,156 TX Richmond
90%
37,409 GA Atlanta
87%
5,377 TN Jackson
86%
5,204 MS Jackson
86%
49,984 SC Charleston
85%
4,192 WV Charleston
85%
7,094 NC Charlotte
85%
43,350 TN Nashville
85%
20,550 TX San Antonio
84%
33,592 TN Memphis
83%
30,709 GA Savannah
83%
1,006 TN Savannah
83%
7,650 FL Jacksonville
82%
3,086 AL Birmingham
81%
13,138 AR Little Rock
81%
7,197 LA Baton Rouge
80%
2,494 FL Tallahassee
80%
29,132 AL Mobile
78%
9,265 NC Raleigh
78%
6,663 TX Fort Worth
75%
16,713 AL Montgomery
75%
10,036 SC Columbia
72%
3,400 TN Columbia
72%
9,890 FL Key West
72%
22,248 TX Galveston
68%
21,966 VA Norfolk
68%
9,693 TN Knoxville
67%
13,659 VA Alexandria
66%
1,800 LA Alexandria
66%
21,891 GA Augusta
64%
8,009 LA Shreveport
63%
12,892 TN Chattanooga
62%
2,105 NC Greensboro
62%
1,833 AL Greensboro
62%
1,621 GA Greensboro
62%
3,257 TX Corpus Christi
61%
2,041 NC Durham
61%
3,485 NC Fayetteville
61%
2,104 TN Fayetteville
61%
1,788 AR Fayetteville
61%
6,845 FL Pensacola
61%
4,977 AL Huntsville
59%
1,322 TX Huntsville
59%
12,749 GA Macon
58%
2,074 MS Macon
58%
30,737 WV Wheeling
57%
17,350 NC Wilmington
57%
1,061 AL LaFayette
55%
3,521 TX Laredo
55%
6,099 GA Athens
54%
1,100 TN Athens
54%
1,011 AL Athens
54%
10,123 GA Columbus
54%
3,955 MS Columbus
54%
1,959 TX Columbus
54%
7,295 TX Waco
53%
1,540 MS Biloxi
52%
11,814 MS Vicksburg
51%
4,938 TX Brownsville
50%
2,676 VA Charlottesville
50%
1,066 TN Greeneville
50%
6,160 SC Greenville
50%
2,471 AL Greenville
50%
2,191 MS Greenville
50%
15,959 VA Lynchburg
50%
2,616 NC Asheville
49%
1,759 VA Salem
48%
1,340 NC Salem
48%
2,418 AL Tuscaloosa
47%
2,293 FL St. Augustine
46%
3,174 WV Huntington
44%
2,854 NC Winston
44%
2,070 LA Monroe
42%
1,564 NC Monroe
42%
2,462 NC Washington
42%
2,199 GA Washington
42%
1,194 LA Washington
42%
5,010 VA Fredericksburg
40%
1,085 TX Fredericksburg
40%
21,656 VA Petersburg
40%
2,684 VA Hampton
39%
3,800 TN Murfreesboro
39%
2,423 TX Tyler
39%
3,099 AR Fort Smith
38%
1,833 TX Texarkana
38%
1,390 AR Texarkana
38%
3,877 GA Rome
37%
1,480 VA Williamsburg
37%
3,880 TN Clarksville
36%
1,647 TN Bristol
35%
1,562 VA Goodson
35%
1,161 AL Auburn
34%
2,667 TX Gainesville
34%
1,919 GA Gainesville
34%
11,390 VA Portsmouth
34%
3,253 SC Spartanburg
34%
1,963 VA Suffolk
34%
7,058 MS Natchez
31%
4,958 VA Winchester
31%
1,039 TN Winchester
31%
3,260 TX Jefferson
30%
7,529 AL Selma
30%
1,008 MS Tupelo
30%
1,063 AL Decatur
29%
6,582 WV Parkersburg
29%
1,974 GA Madison
28%
6,443 NC New Bern
28%
1,534 MS Oxford
28%
1,349 NC Oxford
28%
1,515 GA Valdosta
28%
4,008 MS Meridian
27%
1,914 SC Florence
26%
1,359 AL Florence
26%
2,557 SC Georgetown
26%
1,354 TX Georgetown
26%
3,554 AR Hot Springs
26%
2,227 GA Marietta
26%
3,203 AR Pine Bluff
25%
1,264 NC Concord
24%
7,526 VA Danville
24%
1,702 LA Franklin
24%
1,632 TN Franklin
24%
2,831 VA Harrisonburg
24%
2,771 VA Lexington
24%
1,200 VA North Danville
24%
2,011 SC Sumter
24%
2,750 TX Victoria
24%
1,194 TX Denton
23%
2,549 SC Beaufort
21%
2,009 NC Beaufort
21%
1,048 GA Jonesboro
21%
1,726 VA Leesburg
21%
6,335 WV Martinsburg
21%
1,938 TX New Braunfels
21%
3,980 TX Paris
21%
1,767 TN Paris
21%
1,330 SC Yorkville
21%
2,891 GA Brunswick
20%
1,028 AR Conway
20%
1,479 TX McKinney
20%
1,850 SC Anderson
19%
1,084 LA Houma
19%
6,093 TX Sherman
19%
3,216 GA Albany
18%
2,516 GA Dalton
18%
1,627 TX Eagle Pass
18%
1,525 TX Longview
18%
6,664 VA Staunton
18%
1,899 SC Chester
17%
1,780 SC Camden
16%
1,503 AR Camden
16%
1,697 AL Gadsden
15%
1,656 TX Henderson
15%
1,421 NC Henderson
15%
5,729 VA Manchester
15%
2,785 LA Natchitoches
15%
2,723 NC Salisbury
15%
1,817 SC Aiken
14%
1,233 AR Hope
14%
2,296 TN Lebanon
14%
2,016 WV Charles Town
13%
1,874 TN Cleveland
13%
1,415 GA Covington
13%
3,286 NC Goldsboro
13%
2,295 GA LaGrange
13%
1,325 TX La Grange
13%
2,224 AL Lively
13%
2,709 LA New Iberia
13%
1,180 GA Roswell
13%
1,232 TX San Marcos
13%
2,307 WV Clarksburg
12%
2,275 MS Corinth
12%
2,191 VA Liberty
12%
2,140 SC Orangeburg
12%
1,052 MS Scranton
12%
2,315 NC Elizabeth City
11%
1,500 MS Starkville
11%
1,475 NC Wilson
11%
1,336 FL Apalachicola
10%
1,506 AR Arkadelphia
10%
1,613 VA Culpeper
10%
3,975 TX Denison
10%
1,581 TX Gonzales
10%
1,379 FL Lake City
10%
2,074 AL Marion
10%
5,624 TX Marshall
10%
3,800 GA Milledgeville
10%
3,245 AL Opelika
10%
2,997 TX Palestine
10%
1,233 AL Talladega
10%
2,294 AL Troy
10%
1,267 SC Union
10%
1,029 AR Van Buren
10%
2,542 MS Yazoo City
10%
1,129 LA Clinton
9%
1,010 TN Dyersburg
9%
1,515 LA Thibodaux
9%
1,008 GA Waynesboro
9%
1,978 MS Bay St. Louis
8%
3,652 AR Helena
8%
2,015 LA Morgan City
8%
1,676 LA Opelousas
8%
1,616 FL Palatka
8%
1,354 TX Waxahachie
8%
1,543 SC Abbeville
7%
3,635 GA Americus
7%
1,264 AR Batesville
7%
2,083 MS Canton
7%
2,037 GA Cartersville
7%
3,373 TX Corsicana
7%
1,382 NC Edenton
7%
3,836 AL Eufaula
7%
2,058 VA Farmville
7%
2,562 FL Fernandina
7%
2,396 LA Gretna
7%
1,982 MS McComb
7%
1,058 FL Milton
7%
2,342 SC Newberry
7%
2,006 GA Newnan
7%
2,061 LA Plaquemine
7%
1,036 WV Point Pleasant
7%
1,869 TN Shelbyville
7%
2,003 TX Terrell
7%
2,555 GA Thomasville
7%
2,370 AL Tuskegee
7%
2,046 TX Weatherford
7%
1,786 MS West Point
7%
1,173 GA West Point
7%
1,000 VA Woodstock
7%
1,885 VA Wytheville
7%
1,546 TX Bastrop
6%
1,363 TX Seguin
6%
1,854 TX Sulphur Springs
6%
1,879 TN Union City
6%
1,464 VA Warrenton
6%
1,022 GA Warrenton
6%
1,064 VA Abingdon
5%
1,436 GA Bainbridge
5%
4,101 TX Brenham
5%
1,615 MS Brookhaven
5%
1,351 TX Ennis
5%
1,035 MS Enterprise
5%
3,984 AR Eureka Springs
5%
1,938 TN Gallatin
5%
3,030 WV Grafton
5%
3,620 GA Griffin
5%
1,693 WV Keyser
5%
1,350 TN Morristown
5%
1,333 MS Moss Point
5%
1,218 WV New Cumberland
5%
1,328 GA Summerville
5%
1,083 TN Tullahoma
5%
1,797 TX Belton
4%
1,043 TN Bolivar
4%
1,880 TX Bonham
4%
1,855 TX Cleburne
4%
1,374 GA Conyers
4%
1,333 TX Cuero
4%
1,389 AL Demopolis
4%
2,600 LA Donaldsonville
4%
1,144 FL East Jacksonville
4%
1,914 MS Grenada
4%
1,612 TX Hempstead
4%
2,370 MS Holly Springs
4%
1,216 NC Kinston
4%
1,098 TN Maryville
4%
1,186 WV Mason
4%
1,600 TN Milan
4%
1,774 WV Moundsville
4%
1,611 TX Navasota
4%
1,410 MS Pass Christian
4%
1,853 WV Piedmont
4%
1,253 AR Prescott
4%
2,089 TN Pulaski
4%
1,400 GA Quitman
4%
1,316 NC Reidsville
4%
1,185 TX Rockdale
4%
1,572 TX San Diego
4%
1,533 WV Shepherdstown
4%
1,008 NC Smithville
4%
1,606 LA St. Martinville
4%
1,600 NC Tarboro
4%
1,383 TN Trenton
4%
1,516 WV Weston
4%
1,204 MS Winona
4%
2,339 MS Aberdeen
3%
1,126 TX Brackettville
3%
2,280 TX Calvert
3%
1,105 GA Forsyth
3%
1,421 TX Hearne
3%
1,126 MS Kosciusko
3%
1,114 TX Luling
3%
1,244 TN McMinnville
3%
1,178 TN Mechanicsville
3%
1,113 LA Minden
3%
1,500 SC Winnsboro
3%
1,371 GA Eatonton
2%
1,101 AL Eutaw
2%
1,277 GA Fort Valley
2%
1,572 TN Humboldt
2%
1,298 TX Mexia
2%
1,027 NC Randleman
2%
1,369 AL Tuscumbia
2%
1,815 WV Wellsburg
2%
1,453 TX Ysleta
2%
1,120 LA Amite City
1%
1,962 GA Barnesville
1%
2,129 GA Cuthbert
1%
1,543 GA Darien
1%
1,576 GA Dawson
1%
1,008 TN Decherd
1%
1,669 SC Graniteville
1%
1,542 GA Hawkinsville
1%
1,618 FL LaVilla
1%
1,672 TN Macedonia
1%
1,175 TX Mineola
1%
1,858 MS Okolona
1%
1,011 TN Rockwood
1%
1,279 GA Sandersville
1%
1,045 TN South Pittsburg
1%
1,604 MS Summit
1%
1,008 GA Talbotton
1%
1,182 AL Tallassee
1%
1,862 AL Union Springs
1%
2,220 MS Water Valley
1%
1,707 MS Wesson
1%
1,333 AL Whistler
1%
1,011 VA Clover Hill
0%
No matching quizzes found
Score Distribution
Percent of People with Each Score
Percentile by Number Answered
Your Score History
You have not taken this quiz